| 000 | 00504nam a2200169Ia 4500 | ||
|---|---|---|---|
| 003 | LK-CoDNM | ||
| 008 | 010623t2010 xxu||||| |||| 00| 1 sin d | ||
| 040 |
_aLK-CoDNM _dLK-CoDNM _eLK-CoDNM |
||
| 041 | _asin | ||
| 080 | _a8 S 2 DIS | ||
| 100 | _aDisanayaka,Rajitha | ||
| 245 | _aසිහින හොරු අරං සහ ආපහු හැරෙන්න බෑ | ||
| 246 | _aSihina Horu Aran saha Apahu Harenna Ba | ||
| 260 |
_bWijesuriya _aBoralla _c2010 |
||
| 300 | _b164, 21 cm | ||
| 942 | _cBK | ||
| 999 |
_c130535 _d130535 |
||